<?xml version="1.0" encoding="UTF-8"?>
<record
    xmlns:xsi="http://www.w3.org/2001/XMLSchema-instance"
    xsi:schemaLocation="http://www.loc.gov/MARC21/slim http://www.loc.gov/standards/marcxml/schema/MARC21slim.xsd"
    xmlns="http://www.loc.gov/MARC21/slim">

  <leader>01269nab a22002897a 4500</leader>
  <datafield tag="999" ind1=" " ind2=" ">
    <subfield code="c">6378</subfield>
    <subfield code="d">6378</subfield>
  </datafield>
  <controlfield tag="003">OSt</controlfield>
  <controlfield tag="005">20260201145512.0</controlfield>
  <controlfield tag="008">190506c        xxu||||| |||| 00| 0 spa d</controlfield>
  <datafield tag="040" ind1=" " ind2=" ">
    <subfield code="c">PJ</subfield>
  </datafield>
  <datafield tag="100" ind1=" " ind2=" ">
    <subfield code="9">7019</subfield>
    <subfield code="a">Carbonero, Natalia Jacqueline </subfield>
  </datafield>
  <datafield tag="245" ind1="1" ind2="0">
    <subfield code="a">Relaci&#xF3;n de dependencia desde una perspectiva hist&#xF3;rica /</subfield>
    <subfield code="c">Natalia Jacqueline Carbonero, Federico Savizki. </subfield>
  </datafield>
  <datafield tag="260" ind1=" " ind2=" ">
    <subfield code="a">Buenos Aires :</subfield>
    <subfield code="b">AbeledoPerrot,</subfield>
    <subfield code="c">2023.</subfield>
  </datafield>
  <datafield tag="300" ind1=" " ind2=" ">
    <subfield code="a">p. 14-17</subfield>
  </datafield>
  <datafield tag="500" ind1=" " ind2=" ">
    <subfield code="a">Cita: TR LALEY AR/DOC/1462/2023 </subfield>
  </datafield>
  <datafield tag="505" ind1=" " ind2=" ">
    <subfield code="a">Sumario: I. Antecedentes hist&#xF3;ricos del trabajo y evoluci&#xF3;n.&#x2014; II. Hacia una noci&#xF3;n de dependencia.&#x2014; III. An&#xE1;lisis de los fallos de la CSJN "Cairone" y "Rica".&#x2014; IV. Bibliograf&#xED;a. </subfield>
  </datafield>
  <datafield tag="505" ind1=" " ind2=" ">
    <subfield code="t">&#xBF;Te interesa el texto completo? Comunicate al correo: koha@justierradelfuego.gov.ar</subfield>
  </datafield>
  <datafield tag="650" ind1=" " ind2="0">
    <subfield code="9">1316</subfield>
    <subfield code="a">DERECHO LABORAL</subfield>
  </datafield>
  <datafield tag="650" ind1=" " ind2="0">
    <subfield code="9">1803</subfield>
    <subfield code="a">RELACIONES LABORALES</subfield>
  </datafield>
  <datafield tag="650" ind1=" " ind2="0">
    <subfield code="9">4428</subfield>
    <subfield code="a">RELACI&#xD3;N DE DEPENDENCIA</subfield>
  </datafield>
  <datafield tag="650" ind1=" " ind2="0">
    <subfield code="9">1803</subfield>
    <subfield code="a">RELACIONES LABORALES</subfield>
  </datafield>
  <datafield tag="650" ind1=" " ind2="0">
    <subfield code="9">1577</subfield>
    <subfield code="a">DISCRIMINACION LABORAL</subfield>
  </datafield>
  <datafield tag="650" ind1=" " ind2="0">
    <subfield code="9">5130</subfield>
    <subfield code="a">VIOLENCIA LABORAL</subfield>
  </datafield>
  <datafield tag="650" ind1=" " ind2="0">
    <subfield code="a">MOBBING</subfield>
    <subfield code="9">1578</subfield>
  </datafield>
  <datafield tag="700" ind1=" " ind2=" ">
    <subfield code="9">7020</subfield>
    <subfield code="a">Savizki, Federico </subfield>
  </datafield>
  <datafield tag="773" ind1="0" ind2=" ">
    <subfield code="0">2751</subfield>
    <subfield code="9">3202</subfield>
    <subfield code="d">Buenos Aires : AbeledoPerrot,  2013-</subfield>
    <subfield code="t">Revista de derecho laboral y seguridad social. N&#xBA; 15- Agosto 2023</subfield>
  </datafield>
  <datafield tag="942" ind1=" " ind2=" ">
    <subfield code="2">udc</subfield>
    <subfield code="c">ANA</subfield>
  </datafield>
</record>
